Science Quiz

Random Science or Elements Quiz

Mini Word Games: Elements Quiz Stats

 Plays Quiz Updated Sep 22, 2015

Support Sporcle.
Go Orange.
Score 0/15 Timer 04:00
0 Plays Today
Clue Element % Correct
Missing VowelsNeon
94.2%
Missing VowelsManganese
89.6%
Element SymbolsIron
86.9%
Element SymbolsCarbon
85.4%
Element SymbolsCopper
82.2%
Element SymbolsSilver
81.8%
AnagramsMercury
78.5%
Element SymbolsBismuth
75.4%
Clue Element % Correct
Missing VowelsOsmium
71.5%
Missing VowelsIodine
59.5%
Missing VowelsProtactinium
56.3%
AnagramsStrontium
49.4%
AnagramsSelenium
41.3%
AnagramsNeodymium
41.1%
AnagramsMeitnerium
23.7%

From the Vault

SpongeBob SquarePants Locations

by mayz17

Oh! Who lives in a pineapple under the sea?
Remove Ads.
Support Sporcle.
Get the best of Sporcle when you Go Orange. This ad-free experience offers more features, more stats, and more fun while also helping to support Sporcle. Thank you for becoming a member.

Show Comments

Extras

Top Quizzes Today


Score Distribution

Your Account Isn't Verified!

In order to create a playlist on Sporcle, you need to verify the email address you used during registration. Go to your Sporcle Settings to finish the process.

Report this User

Report this user for behavior that violates our Community Guidelines.

Details: